Riconosci il Pokémon - Quiz n°1008 - Statistics

Statistiche generali
  • Questo quiz è stato fatto 1 volte
  • Il punteggio medio è 3 su 10
Statistiche sulle risposte
Indizio Risposta % Corretto
Tipo Acciaio / Psico
100%
Stadio evoluzione Prima evoluzione
100%
Generazione Quarta
100%
Altezza 1,3 m
0%
Peso 187,0 kg
0%
Tasso di cattura 90 (20.1%)
0%
Pokémon Bronzong
0%
Abilità Levitazione; Antifuoco; Metalpesante
0%
Tasso di allevamento Medio-Veloce
0%
Sesso Sconosciuto
0%
Nessun quiz corrispondente trovato
Distribuzione punteggi
Percentuale di utenti per punteggio
Percentile per numero di risposta
I tuoi punteggi nel tempo
Non hai fatto questo quiz